Evaluation of risk factors causing cost & time overrun in road projects of Fata, Pakistan (CEM) (Record no. 550748)
[ view plain ]
| 000 -LEADER | |
|---|---|
| fixed length control field | 00478nam a22001577a 4500 |
| 082 ## - DEWEY DECIMAL CLASSIFICATION NUMBER | |
| Classification number | T--162 |
| Author Mark | T-162 |
| 100 ## - MAIN ENTRY--PERSONAL NAME | |
| Personal name | Irfan Zafar |
| 9 (RLIN) | 47524 |
| 245 ## - TITLE STATEMENT | |
| Title | Evaluation of risk factors causing cost & time overrun in road projects of Fata, Pakistan (CEM) |
| Statement of responsibility, etc. | Irfan Zafar |
| 260 ## - PUBLICATION, DISTRIBUTION, ETC. | |
| Date of publication, distribution, etc. | 2014 |
| 300 ## - PHYSICAL DESCRIPTION | |
| Extent | 129 P, : |
| 526 ## - STUDY PROGRAM INFORMATION NOTE | |
| Program name | 0 |
| Interest level | 0 |
| Reading level | 0 |
| Title point value | T_162 |
| 650 ## - SUBJECT ADDED ENTRY--TOPICAL TERM | |
| Topical term or geographic name entry element | MSC Theses |
| 9 (RLIN) | 47525 |
| 700 ## - ADDED ENTRY--PERSONAL NAME | |
| Personal name | Dr Sarfraz Ahmed |
| 9 (RLIN) | 29043 |
| 856 ## - ELECTRONIC LOCATION AND ACCESS | |
| Uniform Resource Identifier | <a href="http://172.25.8.12:8080/browse/book/629">http://172.25.8.12:8080/browse/book/629</a> |
| 942 ## - ADDED ENTRY ELEMENTS (KOHA) | |
| Source of classification or shelving scheme | |
| Koha item type | Book |
| Withdrawn status | Lost status | Source of classification or shelving scheme | Damaged status | Not for loan | Permanent Location | Current Location | Date acquired | Total Checkouts | Full call number | Barcode | Date last seen | Price effective from | Koha item type | Public note |
|---|---|---|---|---|---|---|---|---|---|---|---|---|---|---|
| Military College of Engineering (MCE) | Military College of Engineering (MCE) | 11/21/2014 | T-162 | MCE-T-162 | 11/21/2014 | 03/14/2021 | Book | Project |
